Marketing for the small business (Record no. 82642)
[ view plain ]
| 000 -LEADER | |
|---|---|
| fixed length control field | 00754nam a2200181 a 4500 |
| 008 - FIXED-LENGTH DATA ELEMENTS--GENERAL INFORMATION | |
| fixed length control field | 120416s1987 ||||||||||||||||| || u |
| 020 ## - INTERNATIONAL STANDARD BOOK NUMBER | |
| International Standard Book Number | 0333384083 |
| 050 ## - LIBRARY OF CONGRESS CALL NUMBER | |
| Classification number | HF 5415 Wat |
| 100 ## - MAIN ENTRY--PERSONAL NAME | |
| Personal name | Waterworth, Derek |
| 245 10 - TITLE STATEMENT | |
| Title | Marketing for the small business |
| 260 ## - PUBLICATION, DISTRIBUTION, ETC. | |
| Place of publication, distribution, etc. | London |
| Name of publisher, distributor, etc. | Macmillan |
| Date of publication, distribution, etc. | 1987 |
| 300 ## - PHYSICAL DESCRIPTION | |
| Extent | x, 294p. |
| 350 ## - | |
| -- | 0.00 |
| 650 #0 - SUBJECT ADDED ENTRY--TOPICAL TERM | |
| Topical term or geographic name entry element | MARKETING--MANAGEMENT--CASE STUDIES |
| 650 ## - SUBJECT ADDED ENTRY--TOPICAL TERM | |
| Topical term or geographic name entry element | MARKETING -- SMALL BUSINESS |
| 995 ## - | |
| -- | MAIN LIBRARY OPEN ACCESS |
| -- | 0.00 |
| -- | 721153 |
| -- | CBU-MAIN LIBRARY (Kitwe) |
| -- | 2 |
| -- | 12.95 |
| -- | HF 5415 Wat |
| -- | 2 |
| -- | AVAILABLE |
| -- | 004877 |
| -- | Main Library Open Access Collection |
| 995 ## - | |
| -- | MAIN LIBRARY OPEN ACCESS |
| -- | 0.00 |
| -- | 721154 |
| -- | CBU-MAIN LIBRARY (Kitwe) |
| -- | 1 |
| -- | 12.95 |
| -- | HF 5415 Wat |
| -- | 1 |
| -- | AVAILABLE |
| -- | 004876 |
| -- | Main Library Open Access Collection |
| 999 ## - | |
| -- | 82642 |
| -- | 82642 |
| Withdrawn status | Lost status | Source of classification or shelving scheme | Damaged status | Not for loan | Permanent Location | Current Location | Shelving location | Date acquired | Total Checkouts | Full call number | Barcode | Date last seen | Copy number | Price effective from | Koha item type |
|---|---|---|---|---|---|---|---|---|---|---|---|---|---|---|---|
| CBU-MAIN LIBRARY, KITWE. | CBU-MAIN LIBRARY, KITWE. | 09/29/2023 | HF 5415 Wat | 004877 | 09/29/2023 | 1 | 09/29/2023 | MONOGRAPH | |||||||
| CBU-MAIN LIBRARY, KITWE. | CBU-MAIN LIBRARY, KITWE. | 09/29/2023 | HF 5415 Wat | 004876 | 09/29/2023 | 2 | 09/29/2023 | MONOGRAPH |